000 00214 a2200097 4500
001 31415
100 _aJennings
245 _aUsing microsoft Access 2000
260 _aNew Delhi
_bIDG
_c1998
090 _c21302
_d21302
942 _aNUST-CAE
_cM
_c12562
999 _c266488
_d266488